000 00569nam a22002177a 4500
001 000029237
003 DO-SdBNP
005 20260321073644.0
007 ta
008 110414s2013 dr 000 0 spa d
020 _a9789945873580
040 _aDO-SdBNP
_bspa
_cBNPHU
082 _bB742i
_axxx
100 1 _a Bosch, Juan,
_d1909-2001
_976555
245 1 0 _aJuan Bosch ideario /
_cJuan Bosch
260 _aSanto Domingo :
_bFundación Juan Bosch :
_c2013.
300 _a31 p. ;
_c21 cm.
590 _aInventariado, 2022 / DG
910 _aDG
942 _2ddc
_cLBS1
999 _c51322
_d51322